Water Chemistry: an introduction to the chemistry of natural and engineering aquatic systems (Record no. 6301)
[ view plain ]
| 000 -LEADER | |
|---|---|
| fixed length control field | 00656nam a22002057a 4500 |
| 003 - CONTROL NUMBER IDENTIFIER | |
| control field | OSt |
| 005 - DATE AND TIME OF LATEST TRANSACTION | |
| control field | 20210410120334.0 |
| 008 - FIXED-LENGTH DATA ELEMENTS--GENERAL INFORMATION | |
| fixed length control field | 190904b ||||| |||| 00| 0 eng d |
| 020 ## - INTERNATIONAL STANDARD BOOK NUMBER | |
| International Standard Book Number | 9780199730728 |
| 040 ## - CATALOGING SOURCE | |
| Transcribing agency | DDC |
| 082 ## - DEWEY DECIMAL CLASSIFICATION NUMBER | |
| Classification number | 546.22 BRE 2011 |
| 100 ## - MAIN ENTRY--PERSONAL NAME | |
| Personal name | Brezonik, Patrick L.; Arnold, William A. |
| 9 (RLIN) | 12923 |
| 245 ## - TITLE STATEMENT | |
| Title | Water Chemistry: an introduction to the chemistry of natural and engineering aquatic systems |
| 260 ## - PUBLICATION, DISTRIBUTION, ETC. (IMPRINT) | |
| Place of publication, distribution, etc. | Oxford University Press, |
| Date of publication, distribution, etc. | 2011 |
| 300 ## - PHYSICAL DESCRIPTION | |
| Extent | xxiv,782p; |
| Other physical details | ill: |
| Dimensions | 24cm |
| 504 ## - BIBLIOGRAPHY, ETC. NOTE | |
| Bibliography, etc | References, appendix, & index included |
| 650 ## - SUBJECT ADDED ENTRY--TOPICAL TERM | |
| Topical term or geographic name as entry element | Water chemistry |
| 9 (RLIN) | 12924 |
| 650 ## - SUBJECT ADDED ENTRY--TOPICAL TERM | |
| Topical term or geographic name as entry element | Aquatic engineering |
| 9 (RLIN) | 14063 |
| 942 ## - ADDED ENTRY ELEMENTS (KOHA) | |
| Source of classification or shelving scheme | Other/Generic Classification Scheme |
| Koha item type | Book Bank |
| Withdrawn status | Lost status | Source of classification or shelving scheme | Damaged status | Not for loan | Home library | Current library | Date acquired | Source of acquisition | Inventory number | Total Checkouts | Full call number | Barcode | Date last seen | Koha item type |
|---|---|---|---|---|---|---|---|---|---|---|---|---|---|---|
| Dewey Decimal Classification | MUST Main Library | MUST Main Library | 04/09/2019 | Purchase | 19/41051 | 546.22 BRE 2011 | 2019-0392 | 04/09/2019 | Open Shelf | |||||
| Dewey Decimal Classification | MUST Main Library | MUST Main Library | 04/09/2019 | Purchase | 19/41052 | 546.22 BRE 2011 | 2019-0393 | 04/09/2019 | Open Shelf | |||||
| Dewey Decimal Classification | MUST Main Library | MUST Main Library | 04/09/2019 | Purchase | 19/41053 | 546.22 BRE 2011 | 2019-0394 | 04/09/2019 | Open Shelf | |||||
| Dewey Decimal Classification | MUST Main Library | MUST Main Library | 07/10/2025 | Purchase | 25/42386 | 546.22 BRE 2011 | 2025-0065 | 07/10/2025 | Open Shelf | |||||
| Dewey Decimal Classification | MUST Main Library | MUST Main Library | 07/10/2025 | Purchase | 25/42387 | 546.22 BRE 2011 | 2025-0066 | 07/10/2025 | Open Shelf |
